| 000 | 00618nam a2200217Ia 4500 | ||
|---|---|---|---|
| 005 | 20260429111924.0 | ||
| 008 | 260429s9999||||xx |||||||||||||| ||und|| | ||
| 020 | _a9781009494304 | ||
| 041 | _aEnglish | ||
| 082 |
_a333.951 _bDAS |
||
| 100 | _aDasgupta, Partha | ||
| 245 | 0 |
_aEconomics of biodiversity : _bthe Dasgupta review / _cPartha Dasgupta |
|
| 250 | _a1st ed. | ||
| 260 |
_aNew York : _bCambridge University Press, _c2024. |
||
| 300 | _axxiv, 653 p.; pbk | ||
| 650 | _a Environmental economics | ||
| 650 | _a Natural resources | ||
| 650 | _a Sustainability | ||
| 650 | _aBiodiversity | ||
| 942 | _cTB | ||
| 999 |
_c51442 _d51442 |
||